00363 2200133 4500001002100000008004100021035002000062245005800082100002200140260003100162300001300193084001400206990000900220INLIS000000000003963 Ind  a0010-0723000448 aPenyembuhan Alami Herbal dan PijetcMB. Rahimsyah. AR aAR, MB. Rahimsyah aSurabaya:bDua Mediac2012 a128 hlm. a002 PEN m a4049